[Event "I Festival delle Marche A"]
[Site "Civitanova Marche ITA"]
[Date "2012.08.21"]
[Round "1"]
[White "Carnicelli, Valerio"]
[Black "Stella, Andrea"]
[WhiteElo "1998"]
[BlackElo "2441"]
[Result "0-1"]
[PlyCount "60"]
[EventDate "2012.08.21"]

1. e4 e6 2. d4 d5 3. Nc3 Nf6 4. Bg5 Bb4 5. e5 h6 6. Be3 Ne4 7. Nge2 c5 8. a3
Bxc3+ 9. Nxc3 Qa5 10. Bd2 Nxd2 11. Qxd2 O-O 12. O-O-O Nc6 13. f4 Nxd4 14. g4
Rb8 15. f5 exf5 16. g5 Nf3 17. Qg2 Nxg5 18. h4 Ne6 19. Nxd5 b5 20. Rg1 Bb7 21.
Ne7+ Kh8 22. Qg3 f4 23. Qg4 Qc7 24. Ng6+ fxg6 25. Qxe6 Bc8 26. Qxg6 Bf5 27. Qd6
Qf7 28. Kb1 b4 29. a4 b3 30. Bd3 bxc2+ 0-1

[Event "I Festival delle Marche A"]
[Site "Civitanova Marche ITA"]
[Date "2012.08.21"]
[Round "1"]
[White "De Carlo, Fabio"]
[Black "Volkov, Sergey"]
[WhiteElo "2013"]
[BlackElo "2589"]
[Result "0-1"]
[PlyCount "80"]
[EventDate "2012.08.21"]

1. e4 e6 2. d4 d5 3. Nc3 Nf6 4. Bg5 Bb4 5. e5 h6 6. Bd2 Bxc3 7. bxc3 Ne4 8. Qg4
Kf8 9. Bd3 Nxd2 10. Kxd2 c5 11. h4 Nc6 12. Nf3 c4 13. Be2 b5 14. a3 a5 15. Qf4
Ra7 16. g4 Qe7 17. Rhb1 b4 18. cxb4 axb4 19. axb4 Rxa1 20. Rxa1 Qxb4+ 21. Kd1
Ke7 22. Qc1 Bd7 23. Rb1 Qc3 24. Qd2 Qxd2+ 25. Kxd2 Ra8 26. Bd1 Ra2 27. Ke3 Na7
28. Ng1 Nb5 29. Ne2 Ra3+ 30. Kd2 Rh3 31. h5 c3+ 32. Kc1 Rf3 33. Rb3 f6 34.
exf6+ gxf6 35. Kb1 Kd6 36. Ka2 Bc6 37. Rb4 Rxf2 38. Nc1 Rf1 39. Be2 Rxc1 40.
Bxb5 Rxc2+ 0-1

[Event "I Festival delle Marche A"]
[Site "Civitanova Marche ITA"]
[Date "2012.08.21"]
[Round "1"]
[White "Gattafoni, Alessio"]
[Black "Naumkin, Igor"]
[WhiteElo "2004"]
[BlackElo "2477"]
[Result "0-1"]
[PlyCount "66"]
[EventDate "2012.08.21"]

1. Nf3 Nf6 2. g3 d5 3. d4 e6 4. Bg2 c5 5. c3 Nc6 6. O-O Bd6 7. Nbd2 O-O 8. dxc5
Bxc5 9. Qc2 Bd7 10. e4 Rc8 11. exd5 exd5 12. Nb3 Bb6 13. Qd1 h6 14. h3 Re8 15.
Nfd4 Ne4 16. Nxc6 bxc6 17. Qf3 c5 18. Be3 Bc6 19. Qg4 Nf6 20. Qh4 d4 21. Bxc6
Rxc6 22. cxd4 Re4 23. g4 cxd4 24. Rad1 Rd6 25. Bd2 d3 26. Bc3 Nxg4 27. Qxd8+
Rxd8 28. hxg4 Rxg4+ 29. Kh2 Rd5 30. Be5 Rxe5 31. Rxd3 Rh5+ 32. Rh3 Bc7+ 33. f4
Bxf4+ 0-1

[Event "I Festival delle Marche A"]
[Site "Civitanova Marche ITA"]
[Date "2012.08.21"]
[Round "1"]
[White "Horvath, Jozsef"]
[Black "Dobboletta, Alex"]
[WhiteElo "2536"]
[BlackElo "2013"]
[Result "1-0"]
[PlyCount "37"]
[EventDate "2012.08.21"]

1. c4 Nf6 2. Nc3 g6 3. e4 d6 4. d4 Bg7 5. Bd3 O-O 6. Nge2 e5 7. d5 Ng4 8. f3
Nh6 9. Be3 f5 10. Qd2 f4 11. Bf2 a5 12. c5 Na6 13. cxd6 cxd6 14. Na4 Nb4 15.
Bb5 Bd7 16. Bxd7 Qxd7 17. Nb6 Qb5 18. Nc3 Nd3+ 19. Ke2 1-0

[Event "I Festival delle Marche A"]
[Site "Civitanova Marche ITA"]
[Date "2012.08.21"]
[Round "1"]
[White "Laketic, Gojko"]
[Black "Consalvo, Gerardo"]
[WhiteElo "2438"]
[BlackElo "1997"]
[Result "1/2-1/2"]
[PlyCount "69"]
[EventDate "2012.08.21"]

1. d4 d5 2. c4 e6 3. Nc3 Nf6 4. cxd5 exd5 5. Bg5 c6 6. Qc2 g6 7. e3 Bf5 8. Qb3
Bc8 9. Bd3 Be7 10. Qc2 O-O 11. Nf3 Re8 12. h3 Nh5 13. Bh6 Ng7 14. g4 Nd7 15.
O-O-O Ne6 16. h4 Ndf8 17. g5 b5 18. Ne5 Bd7 19. f4 b4 20. Na4 c5 21. f5 cxd4
22. fxe6 Nxe6 23. Qf2 Qc7+ 24. Bc2 Qxe5 25. exd4 Qf4+ 26. Qxf4 Nxf4 27. Nc5 Bg4
28. Rd2 Rac8 29. Kb1 Bxc5 30. dxc5 Rxc5 31. Rg1 Re2 32. Rgd1 Re7 33. Rg1 Re2
34. Rgd1 Re7 35. Ba4 1/2-1/2

[Event "I Festival delle Marche A"]
[Site "Civitanova Marche ITA"]
[Date "2012.08.21"]
[Round "1"]
[White "Lazic, Miroljub"]
[Black "Varvaglione, Antonio"]
[WhiteElo "2464"]
[BlackElo "2000"]
[Result "1-0"]
[PlyCount "69"]
[EventDate "2012.08.21"]

1. g3 Nf6 2. Bg2 d5 3. Nf3 g6 4. c4 c6 5. O-O Bg7 6. d4 O-O 7. cxd5 cxd5 8. Ne5
Nc6 9. Nxc6 bxc6 10. Nc3 Ba6 11. Bf4 Qb6 12. Na4 Qb5 13. Nc5 Qxe2 14. Re1 Qxd1
15. Raxd1 Bc8 16. Rxe7 Bf5 17. h3 Rfe8 18. Rc7 Rec8 19. Rb7 Ne4 20. Nxe4 Bxe4
21. Bxe4 dxe4 22. d5 cxd5 23. Rxd5 Rc2 24. Rxa7 Rac8 25. b4 Bf8 26. b5 Rb2 27.
Be3 Rb8 28. a4 f5 29. g4 fxg4 30. hxg4 Re8 31. b6 Rb8 32. a5 h6 33. Re5 Rb4 34.
Re6 g5 35. a6 1-0

[Event "I Festival delle Marche A"]
[Site "Civitanova Marche ITA"]
[Date "2012.08.21"]
[Round "1"]
[White "Marinone, Lucio"]
[Black "Tomescu, Vlad"]
[WhiteElo "1991"]
[BlackElo "2403"]
[Result "0-1"]
[PlyCount "94"]
[EventDate "2012.08.21"]

1. d4 Nf6 2. c4 g6 3. Nc3 d5 4. Nf3 Bg7 5. Qb3 dxc4 6. Qxc4 a6 7. e4 b5 8. Qb3
O-O 9. Be2 c5 10. dxc5 Be6 11. Qc2 Nbd7 12. c6 Nb8 13. O-O Nxc6 14. Nxb5 Nb4
15. Qc5 Nd3 16. Bxd3 Qxd3 17. Nc7 Nxe4 18. Qe3 Bc4 19. Qxd3 Bxd3 20. Nxa8 Bxf1
21. Kxf1 Rxa8 22. Rb1 Rc8 23. Be3 Rb8 24. b3 Nc3 25. Rb2 Nd5 26. Re2 Rc8 27.
Bd4 f6 28. Re6 Rc1+ 29. Re1 Rc6 30. Bb2 Kf7 31. Nd4 Rb6 32. Rc1 f5 33. Ba1 Nb4
34. a3 Nd3 35. Rb1 a5 36. Nc2 Rc6 37. Bxg7 Rxc2 38. Bd4 e5 39. Rd1 e4 40. Bb6
Rb2 41. Bxa5 Rxf2+ 42. Kg1 Ra2 43. a4 Rb2 44. b4 Nxb4 45. Rd7+ Ke6 46. Rxh7 Nd3
47. Kf1 e3 0-1

[Event "I Festival delle Marche A"]
[Site "Civitanova Marche ITA"]
[Date "2012.08.21"]
[Round "1"]
[White "Martinez, Rolly"]
[Black "Fagnani, Alessandro"]
[WhiteElo "2426"]
[BlackElo "1992"]
[Result "1-0"]
[PlyCount "67"]
[EventDate "2012.08.21"]

1. e4 e5 2. Nf3 Nc6 3. Bb5 a6 4. Bxc6 dxc6 5. O-O Bg4 6. h3 h5 7. d3 Qf6 8. Be3
Bxf3 9. Qxf3 Qxf3 10. gxf3 Bd6 11. Nd2 Ne7 12. Rfb1 O-O 13. b4 f5 14. Nc4 b5
15. Na5 f4 16. Bc5 Rf6 17. Kf1 Ng6 18. Ke2 Rc8 19. Rg1 Nf8 20. c3 Nd7 21. d4
Re6 22. Rg5 Bxc5 23. bxc5 exd4 24. cxd4 g6 25. Kd3 Rd8 26. Kc3 Kf7 27. h4 Nf6
28. Nb3 Nh7 29. Rg2 g5 30. Rag1 Rg8 31. Nc1 g4 32. Nd3 Rge8 33. e5 Rd8 34. Nxf4
1-0

[Event "I Festival delle Marche A"]
[Site "Civitanova Marche ITA"]
[Date "2012.08.21"]
[Round "1"]
[White "Movileanu, Daniela"]
[Black "Valsecchi, Alessio"]
[WhiteElo "1993"]
[BlackElo "2427"]
[Result "1/2-1/2"]
[PlyCount "94"]
[EventDate "2012.08.21"]

1. e4 c5 2. Nc3 a6 3. Nge2 d6 4. g3 g6 5. Bg2 Bg7 6. d3 Nc6 7. O-O e6 8. f4
Nge7 9. Be3 Nd4 10. Qd2 Rb8 11. Nd1 b5 12. c3 Nxe2+ 13. Qxe2 O-O 14. d4 cxd4
15. cxd4 d5 16. e5 b4 17. Nf2 a5 18. Rfc1 Qb6 19. Rc5 Ba6 20. Qc2 b3 21. axb3
Nf5 22. Nd1 Rfc8 23. Bf2 Bf8 24. Rxc8 Rxc8 25. Qd2 Qxb3 26. Qxa5 Be2 27. Nc3
Qxb2 28. Nxe2 Qxe2 29. Bf1 Qb2 30. Ra2 Qb3 31. Qa4 Qf3 32. Ra1 h5 33. Qd1 Qc3
34. Rb1 Ne3 35. Qd3 Nxf1 36. Qxc3 Rxc3 37. Kxf1 Rc2 38. h3 Ba3 39. Rb8+ Kg7 40.
g4 hxg4 41. hxg4 Rc7 42. Bh4 Be7 43. Bxe7 Rxe7 44. Rd8 Ra7 45. Ke2 Ra2+ 46. Ke3
Ra3+ 47. Ke2 Ra2+ 1/2-1/2

[Event "I Festival delle Marche A"]
[Site "Civitanova Marche ITA"]
[Date "2012.08.21"]
[Round "1"]
[White "Petkov, Vladimir"]
[Black "Sagripanti, Michele"]
[WhiteElo "2511"]
[BlackElo "2010"]
[Result "1-0"]
[PlyCount "109"]
[EventDate "2012.08.21"]

1. d4 Nf6 2. c4 e6 3. Nf3 Bb4+ 4. Nc3 O-O 5. g3 d6 6. Bg2 Bxc3+ 7. bxc3 Nc6 8.
c5 e5 9. O-O Re8 10. cxd6 cxd6 11. Bg5 e4 12. Nd2 d5 13. c4 Bf5 14. e3 dxc4 15.
Nxc4 Qd5 16. Bxf6 Qxc4 17. Bh4 f6 18. g4 Bg6 19. Qb1 Na5 20. Rc1 Qe6 21. h3
Rac8 22. Qb5 b6 23. d5 Qe7 24. Bg3 Nb7 25. a4 Rc5 26. Rxc5 Qxc5 27. Qc6 Qxc6
28. dxc6 Nc5 29. a5 Rc8 30. axb6 axb6 31. c7 Ne6 32. Bf1 Rxc7 33. Bxc7 Nxc7 34.
Ra7 Ne8 35. Rb7 h5 36. Rxb6 hxg4 37. hxg4 Kh7 38. Bc4 Kh6 39. Kg2 Kg5 40. Be6
Nc7 41. Bc8 f5 42. Bxf5 Bxf5 43. gxf5 Kxf5 44. Rb7 Ne6 45. Kg3 g6 46. Rb5+ Kf6
47. Kg4 Nc7 48. Rb6+ Ne6 49. Rc6 Ke5 50. Rb6 Kf6 51. Rb5 Nc7 52. Rb4 Ke5 53.
Kg5 Nd5 54. Rb5 Kd6 55. Rxd5+ 1-0

[Event "I Festival delle Marche A"]
[Site "Civitanova Marche ITA"]
[Date "2012.08.21"]
[Round "1"]
[White "Piro, Valerio"]
[Black "Sanchez, Joseph"]
[WhiteElo "2013"]
[BlackElo "2518"]
[Result "0-1"]
[PlyCount "84"]
[EventDate "2012.08.21"]

1. e4 d5 2. exd5 Qxd5 3. Nc3 Qd6 4. d4 Nf6 5. Nf3 a6 6. Bg5 Bg4 7. Be2 Nbd7 8.
Qd2 e6 9. O-O Be7 10. Bf4 Qb6 11. a3 O-O 12. Ne5 Bxe2 13. Nxe2 Rfd8 14. Nc4 Qa7
15. Rad1 c5 16. dxc5 Nxc5 17. Qc1 Nd5 18. Be3 b5 19. Bxc5 Bxc5 20. Ne5 Qc7 21.
Nf3 Rac8 22. c3 Rd7 23. Qb1 Rcd8 24. Ng3 h6 25. Ne4 Ba7 26. Ned2 Ne3 27. fxe3
Bxe3+ 28. Kh1 Bxd2 29. Nxd2 Rxd2 30. Rxd2 Rxd2 31. Rd1 Qd6 32. Rxd2 Qxd2 33. h3
f5 34. Qa2 Kf7 35. a4 Qd1+ 36. Kh2 Qxa4 37. Qb1 Qf4+ 38. Kh1 Qd2 39. Qa2 Qd1+
40. Kh2 Qd6+ 41. Kg1 Kf6 42. b3 Qc5+ 0-1

[Event "I Festival delle Marche A"]
[Site "Civitanova Marche ITA"]
[Date "2012.08.22"]
[Round "2"]
[White "Barlocco, Carlo"]
[Black "Juhasz, Kristof"]
[WhiteElo "2076"]
[BlackElo "2377"]
[Result "1/2-1/2"]
[PlyCount "116"]
[EventDate "2012.08.21"]

1. c4 Nf6 2. Nc3 g6 3. e4 d6 4. d4 Bg7 5. Nf3 O-O 6. Be2 Na6 7. O-O e5 8. Be3
Ng4 9. Bg5 Qe8 10. h3 exd4 11. Nxd4 Nf6 12. f3 Nh5 13. Qd2 c6 14. Rad1 Nc5 15.
Nb3 Ne6 16. Be3 b6 17. Qxd6 Ba6 18. Qd2 Rd8 19. Qc2 Nhf4 20. Rfe1 Qe7 21. Bf1
Nh5 22. Ne2 Be5 23. Nbd4 Bb7 24. Nxe6 fxe6 25. c5 b5 26. Qc1 Bf6 27. g4 Ng7 28.
g5 Be5 29. f4 Bb8 30. e5 Nf5 31. Bf2 Bc7 32. b4 a5 33. a3 Ra8 34. Nc3 h6 35. h4
hxg5 36. hxg5 Kf7 37. Ne4 Rh8 38. Nf6 Rad8 39. Rxd8 Rxd8 40. Rd1 Rxd1 41. Qxd1
Qd8 42. Qxd8 Bxd8 43. Ne4 axb4 44. axb4 Bc7 45. Nd6+ Bxd6 46. cxd6 Bc8 47. Bg2
Bd7 48. Kf1 Kg8 49. Be4 Kf8 50. Ke2 Kf7 51. Kd3 Be8 52. Bb6 Bd7 53. Bd8 Be8 54.
Bf6 Bd7 55. Bxf5 exf5 56. Kd4 Ke6 57. Kc5 Be8 58. Kb6 Kd7 1/2-1/2

[Event "I Festival delle Marche A"]
[Site "Civitanova Marche ITA"]
[Date "2012.08.22"]
[Round "2"]
[White "Boraso, Alessio"]
[Black "Martinez, Rolly"]
[WhiteElo "2086"]
[BlackElo "2426"]
[Result "0-1"]
[PlyCount "78"]
[EventDate "2012.08.21"]

1. d4 Nf6 2. c4 e6 3. Nc3 Bb4 4. a3 Bxc3+ 5. bxc3 c5 6. f3 d5 7. cxd5 exd5 8.
e3 O-O 9. Bd3 b6 10. Ne2 Ba6 11. O-O Bxd3 12. Qxd3 Re8 13. Ng3 Nc6 14. Bb2 Rc8
15. Rae1 Qc7 16. e4 Ne7 17. e5 Nd7 18. Qe3 Qc6 19. f4 f5 20. exf6 Nxf6 21. f5
Qb5 22. Qe6+ Kh8 23. Bc1 cxd4 24. Qf7 Neg8 25. cxd4 Qa4 26. Kh1 Qxd4 27. Rxe8
Rxe8 28. Bg5 Re7 29. Qf8 Qe5 30. Bf4 Qc3 31. h3 Qxa3 32. Be5 Qe3 33. Bd6 Rd7
34. Rd1 Qe8 35. Qxe8 Nxe8 36. Be5 Ngf6 37. Rc1 Kg8 38. Ne2 Re7 39. Bxf6 Rxe2
0-1

[Event "I Festival delle Marche A"]
[Site "Civitanova Marche ITA"]
[Date "2012.08.22"]
[Round "2"]
[White "Cantoro, Daniele"]
[Black "Aleksic, Nenad"]
[WhiteElo "2036"]
[BlackElo "2341"]
[Result "1/2-1/2"]
[PlyCount "95"]
[EventDate "2012.08.21"]

1. e4 b6 2. d4 Bb7 3. Nc3 e6 4. Nf3 Bb4 5. Bd3 Nf6 6. Qe2 d5 7. exd5 Nxd5 8.
Bd2 Nxc3 9. bxc3 Be7 10. O-O Nd7 11. Rfe1 O-O 12. Rad1 Nf6 13. Bc4 Nd5 14. Ne5
Bg5 15. Bd3 Bxd2 16. Qxd2 Nf6 17. f4 Nd7 18. f5 exf5 19. Bxf5 Nxe5 20. Rxe5 Qd6
21. Qe2 Rad8 22. Bd3 Bc6 23. Rf1 Rde8 24. Re1 Rxe5 25. Qxe5 Qxe5 26. Rxe5 Re8
27. Rxe8+ Bxe8 28. Kf2 h6 29. h4 Kf8 30. Ke3 Ke7 31. Kf4 Kf6 32. g3 Bd7 33. Ke4
g5 34. Kd5 Ke7 35. hxg5 hxg5 36. c4 c6+ 37. Ke5 f6+ 38. Ke4 Kd6 39. c3 f5+ 40.
Ke3 Be6 41. a3 Bd7 42. Kf3 Ke7 43. Ke3 Kf6 44. Kf3 Be6 45. Ke3 Bf7 46. Be2 Ke6
47. Bd3 Bh5 48. Bc2 1/2-1/2

[Event "I Festival delle Marche A"]
[Site "Civitanova Marche ITA"]
[Date "2012.08.22"]
[Round "2"]
[White "Moroni, Luca jr"]
[Black "Petkov, Vladimir"]
[WhiteElo "2116"]
[BlackElo "2511"]
[Result "1/2-1/2"]
[PlyCount "112"]
[EventDate "2012.08.21"]

1. Nf3 d5 2. c4 d4 3. b4 a5 4. Bb2 c5 5. b5 f6 6. g3 e5 7. d3 Nh6 8. Bg2 Nf7 9.
Nbd2 Be7 10. O-O Nd7 11. Nh4 g6 12. e3 a4 13. Rc1 f5 14. Nhf3 O-O 15. exd4 exd4
16. Ne1 Nf6 17. f4 Bd6 18. Ndf3 Re8 19. Nc2 Bc7 20. Re1 Ba5 21. Rxe8+ Qxe8 22.
Ba3 Nd7 23. Rb1 Ra7 24. Bc1 b6 25. Bd2 Bxd2 26. Qxd2 Nf6 27. Re1 Re7 28. Rxe7
Qxe7 29. Qe1 Kf8 30. Qxe7+ Kxe7 31. Kf2 h6 32. h4 Bb7 33. Ke2 Bxf3+ 34. Bxf3 g5
35. Kf2 gxf4 36. gxf4 Nd6 37. h5 Ke6 38. Kg3 Nde8 39. Ne1 Ng4 40. Ng2 Nef6 41.
Bxg4 Nxg4 42. Ne1 Ne3 43. a3 Kd6 44. Kf3 Ke7 45. Kg3 Ke6 46. Kf3 Ng4 47. Kg3
Nf6 48. Kh4 Ne8 49. Kg3 Nd6 50. Nf3 Nb7 51. Ne1 Na5 52. Kf3 Nb3 53. Kf2 Nc1 54.
Kf3 Na2 55. Kf2 Nc3 56. Nc2 Nb1 1/2-1/2

[Event "I Festival delle Marche A"]
[Site "Civitanova Marche ITA"]
[Date "2012.08.22"]
[Round "2"]
[White "Naumkin, Igor"]
[Black "Rinaudo, Andrea"]
[WhiteElo "2477"]
[BlackElo "2086"]
[Result "1/2-1/2"]
[PlyCount "88"]
[EventDate "2012.08.21"]

1. d4 d5 2. c4 e6 3. Nf3 Nf6 4. Nc3 Be7 5. Bg5 h6 6. Bh4 O-O 7. e3 a6 8. Rc1
Nbd7 9. cxd5 exd5 10. Bd3 Re8 11. O-O b6 12. Ne5 Bb7 13. f4 c5 14. Qf3 Ne4 15.
Bxe7 Qxe7 16. Nxe4 dxe4 17. Bxe4 Nxe5 18. fxe5 Bxe4 19. Qxe4 Rad8 20. Qg4 Rd5
21. Rf4 Red8 22. Rcf1 Qe6 23. Qh4 g5 24. Qg3 cxd4 25. exd4 Rxd4 26. Rf6 Qc4 27.
e6 fxe6 28. Qe5 R4d7 29. Rxh6 Qd4+ 30. Qxd4 Rxd4 31. Rg6+ Kh7 32. Rxg5 Rd1 33.
Re5 R1d2 34. Rxe6 Rxb2 35. Rc1 Rd7 36. h3 Rg7 37. g4 Rd7 38. a4 Kg7 39. a5 Rdd2
40. axb6 Rg2+ 41. Kf1 Rh2 42. Rc7+ Kf8 43. Rf6+ Kg8 44. Rg6+ Kf8 1/2-1/2

[Event "I Festival delle Marche A"]
[Site "Civitanova Marche ITA"]
[Date "2012.08.22"]
[Round "2"]
[White "Pascucci, Marco"]
[Black "Horvath, Jozsef"]
[WhiteElo "2132"]
[BlackElo "2536"]
[Result "0-1"]
[PlyCount "86"]
[EventDate "2012.08.21"]

1. Nf3 g6 2. g3 Bg7 3. Bg2 e5 4. d4 exd4 5. Nxd4 d5 6. O-O Ne7 7. Bf4 O-O 8. c3
c6 9. Nd2 Nd7 10. e4 Nc5 11. Qc2 Ne6 12. Nxe6 Bxe6 13. Rad1 Re8 14. Nb3 Bg4 15.
Rd2 Qc8 16. Nc5 b6 17. Nb3 dxe4 18. Bxe4 Nd5 19. Bd6 Qe6 20. c4 Qxe4 21. Qxe4
Rxe4 22. cxd5 Bh3 23. f3 Ra4 24. dxc6 Bxf1 25. Kxf1 Rxa2 26. Ba3 Rc8 27. c7 Bf6
28. Rd7 Kg7 29. Nd2 Rxa3 30. bxa3 Be5 31. f4 Rxc7 32. Rd5 Bf6 33. Ne4 Be7 34.
Rd3 Rc4 35. Nc3 Bc5 36. Nb5 a6 37. Nc7 Ra4 38. Rd7 Kf8 39. Nd5 Rxa3 40. Nf6 h5
41. Nh7+ Kg8 42. Ng5 Re3 43. f5 Bd6 0-1

[Event "I Festival delle Marche A"]
[Site "Civitanova Marche ITA"]
[Date "2012.08.22"]
[Round "2"]
[White "Rinaudo, Sergio"]
[Black "Lazic, Miroljub"]
[WhiteElo "2104"]
[BlackElo "2464"]
[Result "1/2-1/2"]
[PlyCount "108"]
[EventDate "2012.08.21"]

1. d4 d5 2. Nf3 Nf6 3. c4 c6 4. e3 e6 5. Bd2 Ne4 6. Nc3 Nxd2 7. Qxd2 Nd7 8. Bd3
Be7 9. O-O O-O 10. e4 dxc4 11. Bxc4 b5 12. Bb3 Qb6 13. d5 Nc5 14. d6 Nxb3 15.
axb3 Bd8 16. e5 c5 17. Qe2 Rb8 18. Ne4 Bb7 19. Rfc1 Rc8 20. Nfd2 f5 21. exf6
Bxf6 22. d7 Rc7 23. Nxf6+ gxf6 24. Ne4 Bxe4 25. Qxe4 Rxd7 26. Rc3 Rd4 27. Rg3+
Kh8 28. Qe3 Qd6 29. h3 Rd1+ 30. Rxd1 Qxd1+ 31. Kh2 Qd6 32. Qh6 Rf7 33. Qh5 Rf8
34. Qg4 Qd7 35. Qh4 f5 36. Qh6 Qe7 37. Rg6 Re8 38. Rg3 Rg8 39. Re3 Qd6+ 40. Kg1
Rg6 41. Rd3 Rxh6 42. Rxd6 Rh4 43. Rxe6 Rb4 44. Re3 Kg7 45. Rc3 Kf6 46. Rxc5
Rxb3 47. Rc6+ Kg5 48. Ra6 Rxb2 49. Rxa7 h5 50. g3 h4 51. gxh4+ Kxh4 52. Kg2 Kg5
53. Rg7+ Kh6 54. Rf7 Kg5 1/2-1/2

[Event "I Festival delle Marche A"]
[Site "Civitanova Marche ITA"]
[Date "2012.08.22"]
[Round "2"]
[White "Sanchez, Joseph"]
[Black "Teutsch, Alexander"]
[WhiteElo "2518"]
[BlackElo "2095"]
[Result "1-0"]
[PlyCount "51"]
[EventDate "2012.08.21"]

1. e4 e5 2. Nf3 d6 3. Nc3 Nf6 4. d4 exd4 5. Nxd4 Be7 6. Bf4 O-O 7. Qd3 Na6 8.
O-O-O Nc5 9. Qe3 Re8 10. Be2 Bf8 11. Bf3 Ng4 12. Bxg4 Bxg4 13. f3 Bd7 14. g4 a6
15. h4 b5 16. h5 b4 17. Nd5 Na4 18. h6 c6 19. hxg7 Bxg7 20. Bg5 f6 21. Bh6 Bh8
22. Qb3 cxd5 23. Qxd5+ Be6 24. Nxe6 Nb6 25. Qb3 Qd7 26. Nc7+ 1-0

[Event "I Festival delle Marche A"]
[Site "Civitanova Marche ITA"]
[Date "2012.08.22"]
[Round "2"]
[White "Stella, Andrea"]
[Black "Sbraccia, Giovanni"]
[WhiteElo "2441"]
[BlackElo "2042"]
[Result "1-0"]
[PlyCount "74"]
[EventDate "2012.08.21"]

1. Nf3 Nf6 2. c4 c5 3. Nc3 Nc6 4. g3 g6 5. Bg2 Bg7 6. O-O O-O 7. d3 d6 8. a3
Re8 9. Rb1 Ng4 10. Bd2 Nge5 11. b4 Nxf3+ 12. Bxf3 Bh3 13. Re1 Qd7 14. Bh1 cxb4
15. axb4 Ne5 16. Nd5 Rab8 17. b5 Qd8 18. Qa4 Ra8 19. d4 Nd7 20. Ba5 b6 21. Bc3
Rc8 22. Ba1 Nf6 23. Qxa7 Rxc4 24. Qxb6 Qc8 25. Ne3 Rc7 26. Qa5 d5 27. Nxd5 Nxd5
28. Bxd5 Rd7 29. b6 Red8 30. b7 Qb8 31. Bc6 Rd6 32. d5 e6 33. e4 exd5 34. exd5
Bf5 35. Bxg7 Kxg7 36. Ra1 h5 37. Qc3+ f6 1-0

[Event "I Festival delle Marche A"]
[Site "Civitanova Marche ITA"]
[Date "2012.08.22"]
[Round "2"]
[White "Tomescu, Vlad"]
[Black "Arnetta, Maria Teresa"]
[WhiteElo "2403"]
[BlackElo "2034"]
[Result "1-0"]
[PlyCount "93"]
[EventDate "2012.08.21"]

1. d4 Nf6 2. c4 c5 3. d5 b5 4. cxb5 a6 5. b6 d6 6. Nc3 Nbd7 7. e4 Rb8 8. Nf3 g6
9. a4 Rxb6 10. a5 Rb4 11. Nd2 Bg7 12. Be2 Ne5 13. f4 Nfg4 14. Nf1 Rd4 15. Qc2
Nc4 16. h3 Nf6 17. b3 Nxa5 18. Be3 Nxe4 19. Nxe4 Rxe4 20. Qxe4 Nxb3 21. Ra4 O-O
22. Nd2 Bf5 23. Qc4 Nxd2 24. Bxd2 e6 25. O-O Bd4+ 26. Kh2 Qh4 27. Qb3 exd5 28.
Rxd4 cxd4 29. Qxd5 Qf6 30. Bxa6 Rb8 31. Bc1 Rb6 32. Be2 Be6 33. Qa8+ Kg7 34.
Qa1 Rb4 35. Ba3 Ra4 36. Qb2 Bf5 37. Bb5 Ra8 38. Qb4 Rb8 39. Bb2 Kg8 40. Qa4 Be4
41. Bxd4 Qf5 42. Bc6 Bc2 43. Qa7 Rf8 44. Qe7 Qe6 45. Re1 Qxe7 46. Rxe7 Bb3 47.
Rd7 1-0

[Event "I Festival delle Marche A"]
[Site "Civitanova Marche ITA"]
[Date "2012.08.22"]
[Round "2"]
[White "Volkov, Sergey"]
[Black "Viviani, Alessio"]
[WhiteElo "2589"]
[BlackElo "2107"]
[Result "1-0"]
[PlyCount "79"]
[EventDate "2012.08.21"]

1. d4 d6 2. c4 e6 3. Nc3 Ne7 4. e4 Nd7 5. Nf3 g6 6. h4 h6 7. g3 Bg7 8. Be3 a6
9. Qd2 b6 10. Bg2 Bb7 11. d5 e5 12. h5 g5 13. g4 b5 14. cxb5 axb5 15. Nxb5 Ba6
16. Nc3 Nf6 17. Nh2 Qd7 18. f3 c6 19. dxc6 Nxc6 20. Bf1 O-O 21. Bxa6 Rxa6 22.
O-O Rfa8 23. Rad1 Nd4 24. a3 d5 25. Qg2 Qc6 26. Kh1 Qc4 27. Rf2 Rxa3 28. bxa3
Qxc3 29. Bxd4 exd4 30. e5 Nd7 31. f4 Qb3 32. Rxd4 Rxa3 33. Rxd5 Qa4 34. fxg5
Nxe5 35. gxh6 Ra1+ 36. Nf1 Nxg4 37. Rd8+ Kh7 38. Rxf7 Kxh6 39. Rd6+ Kh7 40. Rg6
1-0

[Event "I Festival delle Marche A"]
[Site "Civitanova Marche ITA"]
[Date "2012.08.23"]
[Round "3"]
[White "Borgiani, Flavio"]
[Black "Naumkin, Igor"]
[WhiteElo "2139"]
[BlackElo "2477"]
[Result "1-0"]
[PlyCount "97"]
[EventDate "2012.08.21"]

1. d4 Nf6 2. Nf3 e6 3. c4 b6 4. a3 Bb7 5. Nc3 d5 6. cxd5 exd5 7. Qc2 Be7 8. Bf4
O-O 9. e3 c5 10. Be2 a6 11. dxc5 bxc5 12. O-O Nbd7 13. Rfd1 Qb6 14. Rab1 Rac8
15. Qf5 Rfd8 16. Qh3 Nf8 17. Bd3 Ne4 18. Bxe4 dxe4 19. Nd2 Qg6 20. Nc4 Ne6 21.
Bd6 Bf6 22. Nd5 Bxd5 23. Rxd5 Ng5 24. Qg3 h5 25. h4 Ne6 26. Qxg6 fxg6 27. g3
Rb8 28. Rbd1 Rb7 29. Be5 Rxd5 30. Rxd5 g5 31. Bxf6 gxf6 32. Rd6 Kf7 33. Rxa6
Ke7 34. Rb6 Rd7 35. a4 Rd1+ 36. Kg2 f5 37. a5 f4 38. exf4 gxf4 39. gxf4 Nxf4+
40. Kh2 Rf1 41. a6 Rxf2+ 42. Kg1 Nh3+ 43. Kh1 Rf8 44. a7 Ra8 45. Ra6 Nf2+ 46.
Kg2 Ng4 47. Nb6 Rf8 48. Nd5+ Kd7 49. a8=Q 1-0

[Event "I Festival delle Marche A"]
[Site "Civitanova Marche ITA"]
[Date "2012.08.23"]
[Round "3"]
[White "Calavalle, Giulio"]
[Black "Tomescu, Vlad"]
[WhiteElo "2185"]
[BlackElo "2403"]
[Result "1/2-1/2"]
[PlyCount "22"]
[EventDate "2012.08.21"]

1. e4 c5 2. Nc3 Nc6 3. g3 g6 4. Bg2 Bg7 5. d3 e6 6. Nge2 Nge7 7. O-O d6 8. Rb1
O-O 9. f4 f5 10. a3 a5 11. a4 Nd4 1/2-1/2

[Event "I Festival delle Marche A"]
[Site "Civitanova Marche ITA"]
[Date "2012.08.23"]
[Round "3"]
[White "Facchetti, Gianni"]
[Black "Valsecchi, Alessio"]
[WhiteElo "2110"]
[BlackElo "2427"]
[Result "0-1"]
[PlyCount "96"]
[EventDate "2012.08.21"]

1. e4 e6 2. d4 d5 3. Nd2 Nc6 4. Ngf3 Nf6 5. e5 Nd7 6. Bb5 a6 7. Bxc6 bxc6 8.
O-O c5 9. c3 Be7 10. Re1 O-O 11. Nf1 cxd4 12. Nxd4 Bb7 13. Qg4 Kh8 14. Re3 Qe8
15. Qh5 Rg8 16. Rh3 Nf8 17. Bg5 f6 18. Qxe8 Rxe8 19. exf6 gxf6 20. Bh6 c5 21.
Nb3 Nd7 22. Rg3 Rg6 23. Bd2 Bd6 24. Rxg6 hxg6 25. Rd1 Kg7 26. Be3 Kf7 27. f3
Ke7 28. Bf2 Rb8 29. Nbd2 e5 30. b3 Ke6 31. Ne3 f5 32. g3 Bc7 33. Ng2 Bc6 34.
Rc1 a5 35. Re1 Kf6 36. Ne3 a4 37. c4 d4 38. Nd5+ Bxd5 39. cxd5 Ba5 40. Rd1 Bxd2
41. Rxd2 axb3 42. axb3 Rxb3 43. Kg2 c4 44. f4 c3 45. fxe5+ Nxe5 46. Ra2 Rb2 47.
Ra6+ Kf7 48. Ra7+ Ke8 0-1

[Event "I Festival delle Marche A"]
[Site "Civitanova Marche ITA"]
[Date "2012.08.23"]
[Round "3"]
[White "Fico, Massimiliano"]
[Black "Volkov, Sergey"]
[WhiteElo "2281"]
[BlackElo "2589"]
[Result "0-1"]
[PlyCount "90"]
[EventDate "2012.08.21"]

1. e4 e6 2. d4 d5 3. e5 c5 4. c3 Bd7 5. Nf3 Nc6 6. a3 c4 7. b4 b5 8. g3 a5 9.
Bb2 Nge7 10. h4 Nc8 11. Nbd2 Nb6 12. Rc1 axb4 13. cxb4 Be7 14. Be2 Na4 15. Ba1
Qb6 16. Nb1 f6 17. O-O O-O 18. Qd2 Be8 19. Bd1 Bh5 20. exf6 Bxf6 21. Ng5 Bxd1
22. Rcxd1 Rae8 23. Rfe1 Nd8 24. Nc3 Nxc3 25. Bxc3 Bxg5 26. hxg5 Nf7 27. Kg2 Qc6
28. f3 Ra8 29. Ra1 Ra6 30. Rec1 Qd7 31. Qe3 Rfa8 32. Bd2 Qa7 33. Re1 Re8 34.
Qc3 e5 35. Be3 e4 36. f4 Qd7 37. Qd2 Rea8 38. Qb2 Qg4 39. Rf1 Nd6 40. Bc1 Nf5
41. Qf2 h5 42. Kh2 Kf7 43. Qg2 h4 44. gxh4 Qxh4+ 45. Kg1 Ra4 0-1